Open Data Biblioteca Nacional de Portugal


República Portuguesa: Ministério da Cultura
Biblioteca Nacional de Portugal

Catálogo da BNP: acesso por Identificadores Unívocos
Registos Bibliográficos associados ao registo de autoridade

Etiqueta de registo: 00000nlm 2200025 450
001 1952270
003 http://id.bnportugal.gov.pt/bib/catbnp/1952270
100 ## $a20170104d2010 k y0pory01030103ba
101 0# $aeng
102 ## $aGB
106 ## $as
200 1# $a The development of an assimilative capacity model for the sustainable management of nutrients within the Ria Formosa in southern Portugal$bRecurso eletrónico]$fAna Cristina Florindo de Brito
210 #9 $aEdinburgh$c[s.n.],$d2010
215 ## $a1 CD-ROM
230 ## $aDados
304 ## $aTít. retirado do primeiro ecrã informativo
328 #1 $aTese dout., Edinburgh Napier University, Univ. do Algarve, 2010
675 ## $a574.5(469.601)(043)$vBN$zpor$31323580
675 ## $a519.8(469.601)(043)$vBN$zpor$31669043
675 ## $a556.54(469.601)(043)$vBN$zpor$31220791
700 #1 $aBrito,$bAna Cristina Florindo de$31667492
801 #0 $aPT$bBN$gRPC
966 ## $lBN$mDEM$sS.A. 57581 P.$x1

Etiqueta de registo: 00000nam 2200025 450
001 2208806
003 http://id.bnportugal.gov.pt/bib/catbnp/2208806
100 ## $a20250320d2024 k y0pory01030103ba
101 0# $aeng$dpor
102 ## $aPT
105 ## $aa m 000yy
106 ## $ar
200 1# $aPhytoplankton response to climate change in the Antarctic Peninsula$fAfonso Miguel Barros Barreto Ferreira$gorient. Vanda Costa Brotas Gonçalves, Ana Cristina Florindo de Brito, Carlos Rafael Borges Mendes
210 #9 $aLisboa$c[s.n.],$d2024
215 ## $aXXIX, 166 p.$cil.$d30 cm$ecurriculum vitae (14 p.)
328 #1 $aTese dout. Ciências do Mar, Faculdade de Ciências, Universidade de Lisboa, 2024
675 ## $a551.583(26)(211-13)(043)$vBN$zpor$31952499
675 ## $a574.58(26)(211-13)(043)$vBN$zpor$31952498
675 ## $a551.461(26)(211-13)(043)$vBN$zpor$31952504
700 #1 $aFerreira,$bAfonso Miguel Barros Barreto$31949245
702 #1 $aBrotas,$bVanda,$f1958-$4727$317634
702 #1 $aBrito,$bAna Cristina Florindo de$4727$31667492
702 #1 $aMendes,$bCarlos Rafael Borges,$f1979-$4727$31510196
801 #0 $aPT$bBN$gRPC
856 40 $2Cópia digital disponível no Repositório da Universidade de Lisboa$uhttp://hdl.handle.net/10400.5/98539
966 ## $lBN$mFGMON$sS.A. 190568 V.$x1
971 ## $corlando$d20250320
972 ## $e0$z0$d20250421$vasantos
973 ## $cmlsousa$d20250416
975 ## $e0$d20250421$viraminhos

Etiqueta de registo: 00254nam 2200025 450
001 2279187
003 http://id.bnportugal.gov.pt/bib/catbnp/2279187
100 ## $a20260311d2025 k y0pory01030103ba
101 0# $aeng$dpor
102 ## $aPT
105 ## $aa m 000yy
106 ## $ar
200 1# $aClimate change in the Western Iberian Coast$efrom the sea to estuaries$fBeatriz Isabel Estrada Biguino$gorient. Ana Cristina Florindo de Brito, João Miguel Sequeira Silva Dias, Ivan David Haigh
210 #9 $aLisboa$c[s.n.],$d2025
215 ## $aXXX, 199 p.$cil.$d30 cm$ecurrículum vitâe (p. 7)
328 #1 $aTese dout. Ciências do Mar, Faculdade de Ciências da Universidade de Lisboa, 2025
675 ## $a551.461(469.412)(043)$vBN$zpor$31995588
675 ## $a556.11(469.412)(043)$vBN$zpor$31995587
675 ## $a556.54(469.412)(043)$vBN$zpor$31371519
700 #1 $aBiguino,$bBeatriz Isabel Estrada$31990715
702 #1 $aBrito,$bAna Cristina Florindo de$4727$31667492
702 #1 $aDias,$bJoão Miguel Sequeira Silva$4727$31582602
702 #1 $aHaigh,$bIvan David$4727$31990717
801 #0 $aPT$bBN$gRPC
966 ## $lBN$mFGMON$sS.A. 193561 V.$x1
971 ## $cabrito$d20260311
973 ## $ctrodrigues$d20260414

OpendataBNP@bnportugal.pt | Mais informação sobre acesso aos dados BNP